000
00321 a2200157 4500
001
61107
020
_a
8508047339
040
_c
Anchieta - Pituba
100
_a
Tavares, Kátia
240
1
0
_a
Password
_l
Ing
245
1
0
_a
Password
300
_a
48
362
0
_a
1997
650
4
_a
Inglês e inglês antigo
942
_c
BK
999
_c
61107
_d
61107